Business budgets and accounts /

This book shows the relevance of accounting methods to the economic and administrative problems of business. The book has been arranged to take the reader through the budgeting procedure of a representative business: demonstrating the relationship between budgets, accounts and the various business a...

Descripción completa

Guardado en:
Detalles Bibliográficos
Autor principal: Edey, Harold C., 1913-2007
Formato: Libro
Publicado: London: Hutchinson University Library, , 1968
Materias:
Etiquetas: Agregar Etiqueta
Sin Etiquetas, Sea el primero en etiquetar este registro!

MARC

LEADER 00000nam a2200000 4500
020 |a  9781306419284  |c Tzs 10.50/= 
040 |a MUL  |b eng  |e AACR 
082 |a  658.154 
100 |a Edey, Harold C., 1913-2007 
245 |a  Business budgets and accounts /   |c Harold C. Edey  
260 |a London:  |b Hutchinson University Library,   |c , 1968 
300 |a 176 p.:  |b ill.;  |c 22cm 
504 |a Includes index 
520 |a This book shows the relevance of accounting methods to the economic and administrative problems of business. The book has been arranged to take the reader through the budgeting procedure of a representative business: demonstrating the relationship between budgets, accounts and the various business activities and showing how budgets and accounts link together the balance sheets at the beginning and end of the year 
650 |a Budget in business 
650 |a Accounting 
650 |a Corporations--Finance 
942 |c BK 
999 |c 458  |d 458